Gradazioni di colore - Rosso - Statistics

Statistiche generali
  • Questo quiz è stato fatto 52 volte
  • Il punteggio medio è 11 su 34
Statistiche sulle risposte
Colore Gradazione % Corretto
Rosso Rosa
87%
Rosso Rosa scuro
87%
Rosso Rosa shocking
87%
Rosso Rosa vivo
87%
Rosso Fucsia
82%
Rosso Bordeaux
74%
Rosso Magenta
72%
Rosso Magenta inchiostro
72%
Rosso Porpora
69%
Rosso Carminio
51%
Rosso Ciliegia
44%
Rosso Mattone
44%
Rosso Corallo
38%
Rosso Scarlatto
38%
Rosso Incarnato prugna
23%
Rosso Rosso cardinale
21%
Rosso Amaranto
18%
Rosso Borgogna
18%
Rosso Rosso ferrarese
15%
Rosso Rosso pompeiano
15%
Rosso Ruggine
15%
Rosso Vermiglione
15%
Rosso Granata
13%
Rosso Cremisi
10%
Rosso Malva
8%
Rosso Terracotta
5%
Rosso Castagno
3%
Rosso Rosso corsa
3%
Rosso Rosso di Persia
3%
Rosso Rosso Falun
3%
Rosso Rosso veneziano
3%
Rosso Sangria
3%
Rosso Alizarina
0%
Rosso Melograno
0%
Nessun quiz corrispondente trovato
Distribuzione punteggi
Percentuale di utenti per punteggio
Percentile per numero di risposta
I tuoi punteggi nel tempo
Non hai fatto questo quiz